[Event "Sueca op 7th"]
[Site "Sueca"]
[Date "2023.08.07"]
[Round "1"]
[White "Rivera Jimenez, Eric"]
[Black "Mancebo Ibanez, Fernando"]
[Result "1/2-1/2"]
[WhiteElo "1481"]
[BlackElo "2024"]
[PlyCount "101"]
[EventDate "2023.08.07"]
[EventType "swiss"]
[EventRounds "9"]
[EventCountry "ESP"]
[SourceTitle "EXT 2024"]
[Source "ChessBase"]
[SourceDate "2023.10.10"]
[SourceVersion "1"]
[SourceVersionDate "2023.10.10"]
[SourceQuality "1"]

1. e4 c6 2. d4 d5 3. exd5 cxd5 4. Bd3 Nc6 5. c3 Qc7 6. Ne2 Bg4 7. 0-0 Nf6 8. Qe1 Bxe2 9. Qxe2 e6 10. Nd2 Bd6 11. Nf3 h6 12. Bd2 a6 13. Rae1 Nd7 14. Bf5 0-0 15. Bxe6 Rae8 16. Bxf7+ Kxf7 17. Ng5+ Kg8 18. Ne6 Nf6 19. Nxc7 Rxe2 20. Rxe2 Bxc7 21. Rfe1 Ne4 22. f3 Nd6 23. b3 b5 24. Ra1 Rf6 25. a4 b4 26. Rc1 Bb6 27. Rd1 Nf5 28. Kh1 Kf7 29. Be1 bxc3 30. Bxc3 Re6 31. Rxe6 Kxe6 32. g4 Nfxd4 33. Kg2 g6 34. Re1+ Kf7 35. Bxd4 Nxd4 36. Re5 Nc2 37. h4 d4 38. a5 Bc7 39. Rc5 Ne3+ 40. Kf2 Bd8 41. Rc6 Bxa5 42. Rxa6 Bc3 43. Rc6 Nd5 44. Ke2 Nf4+ 45. Kd1 h5 46. gxh5 gxh5 47. Rc4 Ng2 48. Rc5 Nxh4 49. Rxh5 Ng2 50. Rc5 Ke6 51. Rxc3 1/2-1/2

[Event "Sueca op 6th"]
[Site "Sueca"]
[Date "2022.07.30"]
[Round "8"]
[White "Rubio Tent, Francisco"]
[Black "Mancebo Ibanez, Fernando"]
[Result "1-0"]
[WhiteElo "2290"]
[BlackElo "2070"]
[PlyCount "101"]
[EventDate "2022.07.25"]
[EventType "swiss"]
[EventRounds "9"]
[EventCountry "ESP"]
[SourceTitle "CBM 209 Extra"]
[Source "ChessBase"]
[SourceDate "2022.09.30"]
[SourceVersion "1"]
[SourceVersionDate "2022.09.30"]
[SourceQuality "1"]

1. e4 c6 2. d4 d5 3. exd5 cxd5 4. Bd3 Nc6 5. c3 Qc7 6. Ne2 Bg4 7. 0-0 e6 8. Qe1 Bxe2 9. Qxe2 Nf6 10. Nd2 Bd6 11. Nf3 h6 12. Bd2 0-0 13. Rae1 Bf4 14. Ne5 Bxd2 15. Qxd2 Nxe5 16. Rxe5 Rab8 17. Qe2 a6 18. f4 Rfe8 19. g4 Nd7 20. Rh5 Nf8 21. g5 hxg5 22. fxg5 e5 23. g6 fxg6 24. Rxe5 Rxe5 25. dxe5 Re8 26. Re1 Re6 27. c4 Nd7 28. cxd5 Rxe5 29. Qf2 Rxe1+ 30. Qxe1 Qc5+ 31. Kf1 Qxd5 32. Qe8+ Nf8 33. Qe4 Qxe4 34. Bxe4 b6 35. Bb7 a5 36. Bd5+ Kh7 37. Ke2 Kh6 38. Kd3 Nd7 39. Kc4 Kg5 40. Kb5 Kf4 41. Bc6 Ne5 42. b3 Nxc6 43. Kxc6 g5 44. Kxb6 g4 45. Kxa5 Kf3 46. b4 Kg2 47. b5 Kxh2 48. b6 g3 49. b7 g2 50. b8Q+ Kh1 51. Qh8+ 1-0

[Event "ESP-ch Seniors 65"]
[Site "Altea"]
[Date "2021.11.05"]
[Round "7"]
[White "Millan Urrutia, Juan Antonio"]
[Black "Mancebo Ibanez, Fernando"]
[Result "0-1"]
[WhiteElo "1812"]
[BlackElo "2081"]
[PlyCount "94"]
[EventDate "2021.10.31"]
[EventType "swiss"]
[EventRounds "9"]
[EventCountry "ESP"]
[SourceTitle "CBM 205 Extra"]
[Source "ChessBase"]
[SourceDate "2022.01.31"]
[SourceVersion "1"]
[SourceVersionDate "2022.01.31"]
[SourceQuality "1"]

1. d4 d5 2. Bf4 c6 3. c3 Nf6 4. e3 Bf5 5. Nd2 e6 6. Ngf3 Qb6 7. Qb3 Nh5 8. Be2 Nxf4 9. exf4 Bd6 10. g3 c5 11. 0-0 Nc6 12. Qxb6 axb6 13. Bb5 0-0 14. Rfe1 Rfc8 15. Rec1 cxd4 16. cxd4 Nb4 17. Rxc8+ Rxc8 18. a3 Na6 19. b4 Rc3 20. Kg2 Nc7 21. Bd7 Kf8 22. h3 Ke7 23. Bc8 Nb5 24. Bxb7 Nxa3 25. Ne5 f6 26. Nc6+ Kd7 27. Na7 Bxb4 28. Ba6 Bd3 29. Bxd3 Rxd3 30. Nf3 Kc7 31. Ra2 Rb3 32. Re2 Kb7 33. Rxe6 Kxa7 34. Re8 Rc3 35. Rd8 Rc7 36. Rxd5 b5 37. g4 Kb6 38. g5 Be7 39. Nd2 Kc6 40. Rf5 g6 41. d5+ Kd7 42. Rxf6 Bxf6 43. gxf6 Kd6 44. Ne4+ Kxd5 45. Ng5 b4 46. f7 Rc8 47. Nxh7 b3 0-1

[Event "Sueca op 5th"]
[Site "Sueca"]
[Date "2019.07.26"]
[Round "6"]
[White "Mancebo Ibanez, Fernando"]
[Black "Marco Catala, Juan Bautista"]
[Result "1-0"]
[WhiteElo "2090"]
[BlackElo "1672"]
[PlyCount "79"]
[EventDate "2019.07.22"]
[EventType "swiss"]
[EventRounds "9"]
[EventCountry "ESP"]
[SourceTitle "EXT 2020"]
[Source "ChessBase"]
[SourceDate "2019.10.17"]
[SourceVersion "1"]
[SourceVersionDate "2019.10.17"]
[SourceQuality "1"]

1. d4 Nf6 2. Nf3 e6 3. e3 b6 4. Bd3 Bb7 5. 0-0 d5 6. Nbd2 Nbd7 7. b3 Bd6 8. Bb2 0-0 9. Ne5 c5 10. f4 Ne4 11. Bxe4 dxe4 12. Ndc4 Bxe5 13. dxe5 Ba6 14. Qe2 Qe7 15. Rfd1 Rfd8 16. Rd6 Nf8 17. Rad1 Rd7 18. Qd2 Bxc4 19. Rxd7 Nxd7 20. Qxd7 Qxd7 21. Rxd7 Bb5 22. Rd6 Kf8 23. a4 Be8 24. a5 Ke7 25. Ba3 Rd8 26. axb6 Rxd6 27. exd6+ Kxd6 28. Bxc5+ Kc6 29. bxa7 Kb7 30. Kf2 Bc6 31. Ke2 Ka6 32. c4 Kb7 33. Kd2 Kc8 34. b4 Ba8 35. Kc3 f6 36. Bf8 g6 37. Be7 f5 38. Kd4 Kd7 39. Bc5 h6 40. Bf8 1-0

[Event "Sueca op 5th"]
[Site "Sueca"]
[Date "2019.07.25"]
[Round "5"]
[White "Davtyan, David"]
[Black "Mancebo Ibanez, Fernando"]
[Result "1-0"]
[WhiteElo "2231"]
[BlackElo "2090"]
[PlyCount "113"]
[EventDate "2019.07.22"]
[EventType "swiss"]
[EventRounds "9"]
[EventCountry "ESP"]
[SourceTitle "EXT 2020"]
[Source "ChessBase"]
[SourceDate "2019.10.17"]
[SourceVersion "1"]
[SourceVersionDate "2019.10.17"]
[SourceQuality "1"]

1. e4 c6 2. d4 d5 3. exd5 cxd5 4. Bd3 Nc6 5. c3 Qc7 6. Ne2 Bg4 7. f3 Bd7 8. Qb3 e5 9. Bg5 h6 10. Bh4 Be7 11. Bxe7 Ngxe7 12. 0-0 0-0 13. Na3 Bf5 14. Qc2 Qd7 15. Ng3 Bxd3 16. Qxd3 exd4 17. cxd4 Nb4 18. Qd2 Qa4 19. Rfe1 Rfe8 20. Re2 Nec6 21. Nf5 Qa6 22. Rae1 Rxe2 23. Rxe2 Qd3 24. Qxd3 Nxd3 25. Nb5 Nf4 26. Re1 Ne6 27. Rd1 Rd8 28. Kf2 a6 29. Nc3 Kf8 30. a3 h5 31. h4 g6 32. Ne3 Nexd4 33. Ncxd5 Ne6 34. g3 Ne7 35. Nxe7 Kxe7 36. Nd5+ Kf8 37. Ke3 Nc7 38. Nc3 Rxd1 39. Nxd1 Ne6 40. Ke4 Ke7 41. g4 Nc5+ 42. Kd4 Kd6 43. b4 Ne6+ 44. Ke4 Ng7 45. Ne3 b5 46. g5 Ne6 47. f4 Nd8 48. Nc2 Ne6 49. Nd4 Nc7 50. Nb3 Ne6 51. Nd4 Nc7 52. f5 Nd5 53. Ne2 Ne7 54. Nd4 Nd5 55. fxg6 fxg6 56. Ne2 Ne7 57. Nf4 1-0

[Event "Quart de Poblet op 6th"]
[Site "Quart de Poblet"]
[Date "2018.08.29"]
[Round "3.4"]
[White "Nieves Cabanes, Jose Manuel"]
[Black "Mancebo Ibanez, Fernando"]
[Result "1-0"]
[WhiteElo "2252"]
[BlackElo "2106"]
[PlyCount "75"]
[EventDate "2018.08.27"]
[EventType "swiss"]
[EventRounds "9"]
[EventCountry "ESP"]
[SourceTitle "EXT 2024"]
[Source "ChessBase"]
[SourceDate "2023.10.10"]
[SourceVersion "1"]
[SourceVersionDate "2023.10.10"]
[SourceQuality "1"]

1. c4 e6 2. Nf3 d5 3. g3 c6 4. b3 Nf6 5. Bg2 a5 6. 0-0 a4 7. d4 axb3 8. Qxb3 Nbd7 9. Nbd2 Be7 10. Bb2 Qa5 11. a4 Bb4 12. Qc2 0-0 13. e4 dxe4 14. Nxe4 Nxe4 15. Qxe4 Bc3 16. Qc2 Bxb2 17. Qxb2 Ra6 18. h4 h6 19. Nd2 Nf6 20. Rfe1 Rd8 21. Qc2 Qc7 22. Nb3 b6 23. Qc3 Bd7 24. a5 Rda8 25. axb6 Qxb6 26. Rxa6 Rxa6 27. Nc5 Ra2 28. Nd3 Be8 29. Ra1 Rxa1+ 30. Qxa1 Qb3 31. Ne5 Kh7 32. Qc1 Qb6 33. Qe3 Kg8 34. Bf3 Qa6 35. Kg2 Nd7 36. c5 f6 37. Nxc6 Nxc5 38. dxc5 1-0

[Event "Valencia Autonomico-A"]
[Site "Valencia"]
[Date "2004.02.07"]
[Round "4.7"]
[White "Mancebo Ibanez, Fernando"]
[Black "Perdiguero Duenas, Jose"]
[Result "1/2-1/2"]
[WhiteElo "2252"]
[BlackElo "2240"]
[PlyCount "43"]
[EventDate "2004.01.17"]
[EventType "team"]
[EventRounds "4"]
[EventCountry "ESP"]
[SourceTitle "CBM 098 Extra"]
[Source "ChessBase"]
[SourceDate "2004.03.10"]
[SourceVersion "2"]
[SourceVersionDate "2004.03.10"]
[SourceQuality "1"]

1. d4 Nf6 2. Nf3 e6 3. Bf4 d5 4. e3 Bd6 5. Nbd2 Bxf4 6. exf4 0-0 7. Bd3 b6 8. Qe2 c5 9. c3 cxd4 10. cxd4 Qd6 11. g3 a5 12. 0-0 Ba6 13. Bxa6 Nxa6 14. Rfc1 Nb4 15. Ne5 Rfc8 16. Rc3 Rxc3 17. bxc3 Nc2 18. Rc1 Na3 19. c4 Rc8 20. Qd3 Nxc4 21. Ndxc4 dxc4 22. Rxc4 1/2-1/2

[Event "Valencia Autonomico-A"]
[Site "Valencia"]
[Date "2004.01.31"]
[Round "3.4"]
[White "Anguix Garrido, Juan Francisco"]
[Black "Mancebo Ibanez, Fernando"]
[Result "1-0"]
[WhiteElo "2390"]
[BlackElo "2252"]
[PlyCount "52"]
[EventDate "2004.01.17"]
[EventType "team"]
[EventRounds "4"]
[EventCountry "ESP"]
[SourceTitle "CBM 098 Extra"]
[Source "ChessBase"]
[SourceDate "2004.03.10"]
[SourceVersion "2"]
[SourceVersionDate "2004.03.10"]
[SourceQuality "1"]

1. d4 d5 2. Bg5 c6 3. e3 h6 4. Bf4 Bf5 5. c4 Nf6 6. Nc3 e6 7. Qb3 Qb6 8. c5 Qxb3 9. axb3 Nbd7 10. b4 Nh5 11. Nf3 Nxf4 12. exf4 g5 13. fxg5 hxg5 14. Nxg5 Bg7 15. Rd1 Bc2 16. Rd2 Bg6 17. f4 Ke7 18. Be2 f6 19. Nf3 e5 20. fxe5 fxe5 21. 0-0 Bh6 22. Rdd1 Bc2 23. Rde1 e4 24. Kh1 Rae8 25. Nh4 Kd8 26. Nf5 Kc7 1-0

[Event "Cullera op 21st"]
[Site "Cullera"]
[Date "2001.07.26"]
[Round "8"]
[White "Marco Catala, Juan Bautista"]
[Black "Mancebo Ibanez, Fernando"]
[Result "0-1"]
[WhiteElo "2069"]
[BlackElo "2270"]
[PlyCount "48"]
[EventDate "2001.07.19"]
[EventType "swiss"]
[EventRounds "9"]
[EventCountry "ESP"]
[SourceTitle "EXT 2002"]
[Source "ChessBase"]
[SourceDate "2001.11.25"]
[SourceVersion "1"]
[SourceVersionDate "2001.11.25"]
[SourceQuality "1"]

1. c4 g6 2. Nf3 Bg7 3. Nc3 f5 4. g3 e5 5. d4 e4 6. Nd2 Nc6 7. e3 Nf6 8. Bg2 0-0 9. 0-0 Kh8 10. f3 exf3 11. Nxf3 d6 12. d5 Na5 13. Qc2 c6 14. dxc6 bxc6 15. b3 d5 16. cxd5 cxd5 17. Nd4 Ne4 18. Ba3 Re8 19. Rfe1 Ba6 20. Bb2 Rc8 21. Rad1 Qg5 22. Bxe4 dxe4 23. Qd2 Bd3 24. Nxe4 fxe4 0-1

[Event "Mislata op 7th"]
[Site "Valencia"]
[Date "1998.08.16"]
[Round "4.9"]
[White "Mancebo Ibanez, Fernando"]
[Black "Eslon, Jaan"]
[Result "1/2-1/2"]
[WhiteElo "2215"]
[BlackElo "2375"]
[PlyCount "65"]
[EventDate "1998.08.13"]
[EventType "swiss"]
[EventRounds "9"]
[EventCountry "ESP"]
[SourceTitle "EXT 2000"]
[Source "ChessBase"]
[SourceDate "1999.11.16"]
[SourceVersion "1"]
[SourceVersionDate "1999.11.16"]
[SourceQuality "1"]

1. d4 Nf6 2. Nf3 e6 3. g3 b5 4. Bg2 Bb7 5. 0-0 Be7 6. c3 a6 7. a4 Nc6 8. Bg5 Rb8 9. axb5 axb5 10. Nbd2 0-0 11. b4 Nd5 12. Bxe7 Ncxe7 13. Qc2 Nb6 14. Ra5 Bxf3 15. Bxf3 c6 16. Be4 f5 17. Bd3 Ned5 18. e4 fxe4 19. Bxe4 h6 20. Nb3 Nc4 21. Raa1 Nf6 22. Bd3 Nb6 23. Nc5 Nbd5 24. Be2 Ra8 25. Nd3 Rxa1 26. Rxa1 Ne4 27. Ra3 Qf6 28. Bf1 Ne3 29. Qe2 Nxf1 30. Kxf1 Qf5 31. Kg2 Ng5 32. Nf4 Nf7 33. Qd3 1/2-1/2

[Event "Autonomico-chT"]
[Site "Aragon"]
[Date "1997.??.??"]
[Round "?"]
[White "Crespo, Raimundo Francisco"]
[Black "Mancebo Ibanez, Fernando"]
[Result "1-0"]
[WhiteElo "2175"]
[BlackElo "2245"]
[PlyCount "30"]
[EventDate "1997.??.??"]
[EventType "team"]
[EventRounds "19"]
[EventCountry "ESP"]
[SourceTitle "EXT 2003"]
[Source "ChessBase"]
[SourceDate "2002.11.25"]
[SourceVersion "1"]
[SourceVersionDate "2002.11.25"]
[SourceQuality "1"]

1. e4 d5 2. Nc3 dxe4 3. Nxe4 e5 4. Nf3 Nf6 5. Nxf6+ Qxf6 6. d4 exd4 7. Qxd4 Be7 8. Be3 Nc6 9. Bb5 Bd7 10. Qxf6 Bxf6 11. 0-0-0 0-0-0 12. Bc4 Bg4 13. Bxf7 Rxd1+ 14. Rxd1 Rf8 15. Bd5 Ne5 1-0

[Event "Autonomico-chT"]
[Site "Aragon"]
[Date "1997.??.??"]
[Round "?"]
[White "Mancebo Ibanez, Fernando"]
[Black "Alderete, Rigoberto"]
[Result "1/2-1/2"]
[WhiteElo "2245"]
[BlackElo "2255"]
[PlyCount "100"]
[EventDate "1997.??.??"]
[EventType "team"]
[EventRounds "19"]
[EventCountry "ESP"]
[SourceTitle "EXT 2003"]
[Source "ChessBase"]
[SourceDate "2002.11.25"]
[SourceVersion "1"]
[SourceVersionDate "2002.11.25"]
[SourceQuality "1"]

1. Nf3 Nf6 2. c4 b6 3. d4 e6 4. a3 Ba6 5. Qc2 c5 6. d5 exd5 7. cxd5 g6 8. Nc3 Bg7 9. e4 Bxf1 10. Kxf1 d6 11. g3 0-0 12. Kg2 Nbd7 13. h3 a6 14. a4 Rb8 15. Bf4 Qe7 16. Rhe1 Nh5 17. Bg5 f6 18. Be3 Bh8 19. Qe2 Ra8 20. Nd2 Rfe8 21. f4 f5 22. exf5 Bxc3 23. bxc3 Qf7 24. Qf3 b5 25. fxg6 hxg6 26. c4 Nhf6 27. axb5 axb5 28. Bf2 Rxa1 29. Rxa1 Nb6 30. Ra6 Qb7 31. cxb5 Qxd5 32. Qxd5+ Nfxd5 33. Kf3 Kf7 34. Ne4 Ke6 35. Kg4 Kd7 36. Kf3 Ra8 37. Rxa8 Nxa8 38. g4 Nac7 39. h4 Nxb5 40. h5 gxh5 41. gxh5 Ke6 42. Kg4 Nf6+ 43. Nxf6 Kxf6 44. Bh4+ Kf7 45. Kf5 Nd4+ 46. Ke4 Kg7 47. Be7 Kh6 48. Bxd6 Kxh5 49. Bxc5 Nb3 50. Bb4 Kg6 1/2-1/2

[Event "Alicante op"]
[Site "Alicante"]
[Date "1997.??.??"]
[Round "3"]
[White "Mancebo Ibanez, Fernando"]
[Black "De la Villa Garcia, Jesus Maria"]
[Result "1/2-1/2"]
[WhiteElo "2245"]
[BlackElo "2495"]
[PlyCount "47"]
[EventDate "1997.??.??"]
[EventType "swiss"]
[EventRounds "9"]
[EventCountry "ESP"]
[SourceTitle "EXT 2000"]
[Source "ChessBase"]
[SourceDate "1999.11.16"]
[SourceVersion "1"]
[SourceVersionDate "1999.11.16"]
[SourceQuality "1"]

1. d4 Nf6 2. Nf3 g6 3. Bg5 Bg7 4. c3 0-0 5. Nbd2 d5 6. e3 Nbd7 7. Be2 b6 8. 0-0 Bb7 9. a4 a5 10. h3 c5 11. Bb5 Ne8 12. Qb3 Nd6 13. Be2 f6 14. Bf4 Nf7 15. Rfd1 e5 16. Bh2 Rc8 17. Bb5 c4 18. Qa3 e4 19. Ne1 f5 20. b3 cxb3 21. Qxb3 Nf6 22. c4 Qe7 23. Rac1 Qe6 24. c5 1/2-1/2